Sonic characters name all - Statistics

General Stats
  • This quiz has been taken 83 times
  • The average score is 3 of 15
Answer Stats
8 Answer % Correct
3 Metal Sonic
100%
H Sonic the Hedgehog
100%
6 Amy rose
36%
7 Tails the fox
15%
F Shadow the Hedgehog
14%
E Silver the Hedgehog
12%
C Dr.Ivo Robotnik
8%
2 Espio
5%
5 Rouge the bat
5%
1 Mighty the Hedgehog
3%
D Sally
3%
4 Blaze the fox
2%
G Knuckles the Echinda
2%
A Ray the flying squirrel
2%
B Vector the crocodile
2%
No matching quizzes found
Score Distribution
Percent of People with Each Score
Percentile by Number Answered
Your Score History
You have not taken this quiz